A little learning; (Record no. 120699)
[ view plain ]
| 000 -LEADER | |
|---|---|
| fixed length control field | 00711cam a2200277 4500 |
| 001 - CONTROL NUMBER | |
| control field | 71366 |
| 003 - CONTROL NUMBER IDENTIFIER | |
| control field | ARRUPE |
| 005 - DATE AND TIME OF LATEST TRANSACTION | |
| control field | 20140611121208.0 |
| 008 - FIXED-LENGTH DATA ELEMENTS--GENERAL INFORMATION | |
| fixed length control field | 820323s1954 mauach 001 0aeng |
| 010 ## - LIBRARY OF CONGRESS CONTROL NUMBER | |
| LC control number | 64023290 |
| 035 ## - SYSTEM CONTROL NUMBER | |
| System control number | (OCoLC)367797 |
| 035 ## - SYSTEM CONTROL NUMBER | |
| System control number | (OCoLC)ocm00367797 |
| 035 ## - SYSTEM CONTROL NUMBER | |
| System control number | (CStRLIN)NYCG82-B14157 |
| 035 ## - SYSTEM CONTROL NUMBER | |
| System control number | (NNC)71366 |
| 040 ## - CATALOGING SOURCE | |
| Transcribing agency | NNC |
| Modifying agency | NNC |
| 050 0# - LIBRARY OF CONGRESS CALL NUMBER | |
| Classification number | PR6045.A97 |
| Item number | Z5 |
| 082 ## - DEWEY DECIMAL CLASSIFICATION NUMBER | |
| Classification number | 928.2 |
| 090 ## - LOCALLY ASSIGNED LC-TYPE CALL NUMBER (OCLC); LOCAL CALL NUMBER (OCLC) | |
| Classification number (OCLC) (R) ; Classification number, CALL (RLIN) (NR) | PR6045.A97 |
| Local cutter number (OCLC) ; Book number/undivided call number, CALL (RLIN) | Z5 |
| 300 ## - PHYSICAL DESCRIPTION | |
| Other physical details | illus., facsims., ports. |
| Dimensions | 22 cm. |
| 100 1# - MAIN ENTRY--PERSONAL NAME | |
| Personal name | Waugh, Evelyn, |
| 9 (RLIN) | 10813 |
| 245 12 - TITLE STATEMENT | |
| Title | A little learning; |
| 260 ## - PUBLICATION, DISTRIBUTION, ETC. (IMPRINT) | |
| Place of publication, distribution, etc | Boston, |
| Name of publisher, distributor, etc | Penguin Books |
| Date of publication, distribution, etc | [1983] |
| 300 ## - PHYSICAL DESCRIPTION | |
| Extent | 234 p. |
| 600 ## - SUBJECT ADDED ENTRY--PERSONAL NAME | |
| Personal name | Waugh, Evelyn |
| 9 (RLIN) | 10814 |
| 942 ## - ADDED ENTRY ELEMENTS (KOHA) | |
| Source of classification or shelving scheme | Library of Congress Classification |
| Koha item type | Monograph ( Printed materials) |
| Withdrawn status | Lost status | Source of classification or shelving scheme | Damaged status | Not for loan | Collection code | Home library | Current library | Shelving location | Date acquired | Total Checkouts | Full call number | Barcode | Date last seen | Price effective from | Koha item type |
|---|---|---|---|---|---|---|---|---|---|---|---|---|---|---|---|
| Library of Congress Classification | Main Collection | ARRUPE LIBRARY | ARRUPE LIBRARY | Main Collection | 11/06/2014 | PR6045.A97 Z5 | 46500000563 | 11/06/2014 | 11/06/2014 | Monograph ( Printed materials) |